Statistics for The Greatest Poets of All Time

Click here to take the quiz!

General Stats

  • This quiz has been taken 170 times
    (50 since last reset)
  • The average score is 14 of 35

Answer Stats

Famous Poem Poet % Correct
"The Iliad"Homer
96%
"Sonnet XVIII"William Shakespeare
93%
"The Raven"Edgar Allen Poe
91%
"Divine Comedy"Dante Alighieri
89%
"Paradise Lost"John Milton
67%
"Jabberwocky"Lewis Carroll
64%
"The Road Not Taken"Robert Frost
60%
"The Tyger"William Blake
58%
"A Thing of Beauty (Endymion)"John Keats
58%
"The Waste Land"T. S. Eliot
58%
"She Walks in Beauty"Lord Byron
56%
"Gunga Din"Rudyard Kipling
53%
"The Prelude"William Wordsworth
53%
"How Do I Love Thee?"Elizabeth Barrett Browning
47%
"The Charge of the Light Brigade"Alfred, Lord Tennyson
47%
"I Hear America Singing"Walt Whitman
44%
"The Second Coming"W. B. Yeats
40%
"Sappho 31"Sappho
40%
"No Man Is An Island"John Donne
36%
"'Hope' is the thing with feathers"Emily Dickinson
36%
"Dulce et Decorum Est"Wilfred Owen
36%
"Daddy"Sylvia Plath
36%
"The Song of Hiawatha"Henry Wadsworth Longfellow
27%
"I Carry Your Heart With Me"E. E. Cummings
24%
"I Too Sing America"Langston Hughes
24%
"On the Pulse of Morning"Maya Angelou
20%
"Where The Sidewalk Ends"Shel Silverstein
20%
"A Vision"Oscar Wilde
16%
"I Do Not Love You Except Because I Love You"Pablo Neruda
13%
"Masnavi-ye Ma'navi (Spiritual Verses)"Jalal al-Din Rumi
11%
"Hugh Selwyn Mauberley"Ezra Pound
9%
"Hap"Thomas Hardy
4%
"Uriel"Ralph Waldo Emerson
2%
"Ode to Stephen Dowling Bots, Dec'd"Mark Twain
2%
"Quiet Night Thought"Li Bai
0%

Score Distribution

Percentile by Number Answered

Percent of People with Each Score

Your Score History

You have not taken this quiz since the last reset